|
|
|
|
| LEADER |
00828cam a2200229 i 4500 |
| 001 |
0000150391 |
| 005 |
20251028090000.0 |
| 008 |
251028t2023 my e may |
| 020 |
|
|
|a 9789672686217
|q paperback
|c RM58.30
|
| 040 |
|
|
|a RMC
|b eng
|c RMC
|e rda
|
| 090 |
0 |
0 |
|a FM
|b MOH
|e 2023
|
| 100 |
0 |
|
|a Mohd Radzi Abdul Hamid,
|e author.
|
| 245 |
1 |
0 |
|a `RAGGING'
|c BRID JEN DATO DR MOHD RADZI BIN HJ ABDUL HAMID
|
| 250 |
|
|
|a EDISI EKSKLUSIF
|
| 264 |
|
1 |
|a Seremban, Negeri Sembilan :
|b PENA CELORENG PUBLISHER,
|c 2023
|
| 300 |
|
|
|a xxii, 228 pages :
|b illustrations ;
|c 23 cm
|
| 336 |
|
|
|a text
|2 rdacontent
|
| 337 |
|
|
|a unmediated
|2 rdamedia
|
| 338 |
|
|
|a volume
|2 rdacarrier
|
| 650 |
1 |
0 |
|a Malay fiction
|
| 852 |
|
|
|a RMC
|
| 999 |
|
|
|a 0000044072
|b Royal Military College
|d BOOKS
|e Umum
|f Royal Military College
|j AVAILABLE
|q GOOD CONDITION
|